000 00712nas a2200241 4500
001 BR9205962
003 BR-BrBNA
005 20231205094959.0
007 ta
008 230509b bl.|||p| |||| 00| 00por d
040 _aBR-BrBNA
_bpor
_cBiblioteca Nacional de Agricultura
041 _a(Pt)
072 _aJ10; E70
100 1 _aMedina, C. de C.
245 1 _aA importancia do armazenamento a nivel de propriedade rural
650 _aArmazenamento
650 _aComercializacao
650 _aPerda Pos-Colheita
650 _aPropriedade Rural
773 0 _tSemina (Brazil)
_xISSN 0101-3742
_g(Jul 1989), v. 10(1) p. 56-62
_wBR9205962
909 _a202311
_bLúcia
_c55
_dLúcia Elande
942 _2AGRIS
_n0
_cANA
999 _c148074
_d148074